000 00505nmm a2200169Ia 4500
008 251105s9999||||xx |||||||||||||||||und||
020 _a9789681669485
041 _aspa
100 _aPérez Tamayo, Ruy
245 0 _aDe la magia primitiva a la medicina moderna
264 _a[México D.C., Mexico] :
_bFondo de Cultura Económica,
_c2012
300 _a221 páginas
490 _aLa Ciencia para Todos
650 _aMedicine
856 _uhttps://public.digitaliapublishing.com/a/64176
942 _cCF
999 _c96951
_d96951